000
00205nam a2200097Ia 4500
008
240331s9999 xx 000 0 und d
082
_b
MAC
100
_a
Machtan,M
245
4
_a
The Hidden Hitler
942
_c
L
999
_c
5664
_d
5664